Šperk inšpirovaný kovovými penami

Saved in:
Bibliographic Details
Main Author: Straková, Sofia Anna (Author)
Other Authors: Paliatka, Peter (Thesis advisor)
Format: Manuscript Book
Language:Slovak
Published: Bratislava 2023
Subjects:
Online Access:http://is.stuba.sk/zp/portal_zp.pl?podrobnosti=152609
Tags: Add Tag
No Tags, Be the first to tag this record!

MARC

LEADER 00000ntm a22000003a 4500
001 stuzp94610
003 SK-STU
005 20231005095141.7
007 ta
008 150427s2015----xo-----f-mn---000-0-slo-d
040 |a STU  |b slo 
041 0 |a slo 
100 1 |a Straková, Sofia Anna  |u 059190  |4 aut  |U FAD Fakulta architektúry a dizajnu  |T FAD Ústav dizajnu  |X 99242  |U A9190  |Y 400  |7 99242 
242 0 1 |a Jewelry inspired by metal foams  |y eng 
245 1 0 |a Šperk inšpirovaný kovovými penami 
260 |c 2023  |a Bratislava 
650 4 |a príroda  |2 slo 
650 4 |a strieborná pena  |2 slo 
650 4 |a technológia vytaviteľného modelu  |2 slo 
650 4 |a zberateľstvo  |2 slo 
650 4 |a šperk  |2 slo 
650 4 |a penový hliník  |2 slo 
650 4 |a nature  |2 eng 
650 4 |a aluminium foam  |2 eng 
650 4 |a silver foam  |2 eng 
650 4 |a lost wax casting  |2 eng 
650 4 |a jewelry  |2 eng 
650 4 |a collectibles  |2 eng 
700 1 |a Paliatka, Peter  |4 ths  |X 332  |7 A000000332 
856 4 |u http://is.stuba.sk/zp/portal_zp.pl?podrobnosti=152609  |u https://opac.crzp.sk/?fn=detailBiblioForm&sid=C03CB0FBA6588971D13024D1B6BF